| 000 | 00406nam a2200145Ia 4500 | ||
|---|---|---|---|
| 999 |
_c27780 _d27780 |
||
| 003 | OSt | ||
| 005 | 20250825100128.0 | ||
| 008 | 250310s9999||||xx |||||||||||||| ||und|| | ||
| 040 | _c. | ||
| 082 |
_a658.562 _bI872 |
||
| 245 | 0 |
_aQuality improvement programme brochure and Iste handbook 1989-90 / _cIndian Society for Technical Education |
|
| 260 |
_aNew Delhi : _bISTE, |
||
| 300 | _a113 p. | ||
| 942 |
_cBK _2ddc |
||